[Event "DSOL 07 Liga Gr-B 1st"]
[Site "Playchess.com INT"]
[Date "2020.06.26"]
[Round "1.2"]
[White "Kliffken, Julian"]
[Black "Braun, Julian"]
[Result "1/2-1/2"]
[WhiteElo "1408"]
[BlackElo "1470"]
[PlyCount "106"]
[EventDate "2020.06.22"]
[EventType "team-tourn (rapid)"]
[EventCountry "GER"]
[SourceTitle "EXT 2021"]
[Source "ChessBase"]
[SourceDate "2020.10.23"]
[SourceVersion "1"]
[SourceVersionDate "2020.10.23"]
[SourceQuality "1"]
[WhiteTeam "Porz SG III"]
[BlackTeam "Hamburger SK X"]
[WhiteTeamCountry "GER"]
[BlackTeamCountry "GER"]

1. d4 Nf6 2. Nc3 d5 3. Bg5 Nbd7 4. Nf3 h6 5. Bh4 e6 6. e3 Be7 7. Be2 0-0 8. 0-0 c5 9. Qd2 Qb6 10. b3 Re8 11. Na4 Qc6 12. Nb2 Ne4 13. Qd3 Bd6 14. Bg3 a6 15. c4 Rb8 16. Rac1 Bxg3 17. fxg3 b5 18. cxd5 exd5 19. dxc5 Ndxc5 20. Qd4 Qd6 21. Rfd1 Bb7 22. Nd3 Ne6 23. Qb2 Qb6 24. Nd4 Nxd4 25. exd4 Qe6 26. Bf3 Rbc8 27. Bxe4 Rxc1 28. Rxc1 Qxe4 29. Nc5 Qe3+ 30. Kf1 Bc8 31. Qc3 Qe2+ 32. Kg1 Qxa2 33. Ra1 Re3 34. Nd3 Qxa1+ 35. Qxa1 Rxd3 36. Qe1 Be6 37. Qa5 Rxd4 38. Qxa6 Rb4 39. Qa3 Re4 40. Qc5 b4 41. Kf2 Kh7 42. h3 Kg6 43. g4 Kf6 44. Kf3 Ke5 45. g3 Kf6 46. Qf8 Kg6 47. Qd6 Kg5 48. Qb6 Kg6 49. Qb8 Kf6 50. Qh8 Kg6 51. Qg8 Kf6 52. Qh7 Rd4 53. Qc2 Re4 1/2-1/2

[Event "GER-ch Net Amateur Gr-C Final"]
[Site "Playchess.com INT"]
[Date "2020.04.18"]
[Round "8"]
[White "Braun, Julian"]
[Black "Lampe, Finn"]
[Result "0-1"]
[WhiteElo "1658"]
[BlackElo "1622"]
[PlyCount "124"]
[EventDate "2020.04.18"]
[EventType "swiss (blitz)"]
[EventRounds "13"]
[EventCountry "GER"]
[SourceTitle "CBM 195 Extra"]
[Source "ChessBase"]
[SourceDate "2020.05.31"]
[SourceVersion "1"]
[SourceVersionDate "2020.05.31"]
[SourceQuality "1"]

1. e4 e6 2. d4 d5 3. Nd2 c5 4. exd5 Qxd5 5. Ngf3 cxd4 6. Bc4 Qd8 7. Nb3 Nc6 8. 0-0 Nf6 9. Nbxd4 Nxd4 10. Qxd4 Qxd4 11. Nxd4 Bc5 12. Nf3 0-0 13. Bf4 b6 14. Ne5 Bb7 15. Rad1 Rfd8 16. Rfe1 Bd4 17. Nxf7 Kxf7 18. Rxe6 Kf8 19. Bd6+ Rxd6 20. Rxd6 Bxf2+ 21. Kxf2 Ne4+ 22. Ke3 Nxd6 23. Rxd6 Re8+ 24. Kf2 Ke7 25. Re6+ Kd7 26. Rxe8 Kxe8 27. g4 Ke7 28. Ke3 Kd6 29. Bg8 h6 30. c4 Bc8 31. h3 Ke5 32. b3 a6 33. Bd5 h5 34. b4 hxg4 35. hxg4 Bxg4 36. Bb7 a5 37. bxa5 bxa5 38. c5 Bh3 39. c6 Bg2 40. Kd3 Kd6 41. Kc4 Bxc6 42. Bxc6 Kxc6 43. Kd4 Kb5 44. Ke4 Ka4 45. Kf5 Ka3 46. Kg6 Kxa2 47. Kxg7 Kb3 48. Kf6 a4 49. Ke5 a3 50. Ke4 a2 51. Kd3 a1Q 52. Ke4 Qd1 53. Ke5 Kc4 54. Ke4 Qe1+ 55. Kf5 Kd5 56. Kf4 Qe4+ 57. Kg3 Qf5 58. Kg2 Qf4 59. Kh3 Qg5 60. Kh2 Ke4 61. Kh3 Kf3 62. Kh2 Qg2# 0-1

[Event "GER-ch Net Amateur Gr-C Final"]
[Site "Playchess.com INT"]
[Date "2020.04.18"]
[Round "10"]
[White "Fernandez, Thomas"]
[Black "Braun, Julian"]
[Result "1/2-1/2"]
[WhiteElo "1515"]
[BlackElo "1658"]
[PlyCount "161"]
[EventDate "2020.04.18"]
[EventType "swiss (blitz)"]
[EventRounds "13"]
[EventCountry "GER"]
[SourceTitle "CBM 195 Extra"]
[Source "ChessBase"]
[SourceDate "2020.05.31"]
[SourceVersion "1"]
[SourceVersionDate "2020.05.31"]
[SourceQuality "1"]

1. e4 e5 2. Nf3 Nc6 3. Bb5 a6 4. Bxc6 dxc6 5. d4 exd4 6. Qxd4 Qxd4 7. Nxd4 Bc5 8. Be3 Nf6 9. Nc3 0-0 10. 0-0-0 Re8 11. f3 a5 12. Na4 Ba7 13. Rhe1 b5 14. Nc3 c5 15. Ndxb5 Bb6 16. Nd5 Nxd5 17. Rxd5 Bb7 18. Rd7 Bc6 19. Nxc7 Bxd7 20. Nxa8 Rxa8 21. Rd1 Rd8 22. Rd6 Bc7 23. Ra6 Bb5 24. Ra7 Be2 25. c3 Bxh2 26. Bxc5 Bf4+ 27. Kc2 Bd1+ 28. Kb1 a4 29. Bb6 Rb8 30. Bd4 h6 31. b4 axb3 32. axb3 Bxb3 33. Ka1 Bc2 34. c4 Bd3 35. c5 Bg3 36. Ka2 Rc8 37. Ra5 Bc4+ 38. Ka3 Be6 39. Be3 Be1 40. Ra7 Bc3 41. Ka4 Be5 42. Re7 Ra8+ 43. Kb5 Rb8+ 44. Kc6 Rc8+ 45. Kb7 Rb8+ 46. Ka7 Bg3 47. Bd4 Rd8 48. Be3 Rd7+ 49. Rxd7 Bxd7 50. Kb6 Bc8 51. c6 Bb8 52. c7 Bxc7+ 53. Kxc7 Be6 54. Kd6 Kf8 55. g3 Ke8 56. f4 Kd8 57. e5 Kc8 58. Ke7 Kc7 59. Kf8 g6 60. Kg7 h5 61. Kf6 Kc6 62. Bf2 Kd5 63. Kg5 Ke4 64. Kh4 Kf3 65. Be1 Ke2 66. Ba5 Bd5 67. Bd8 Kf3 68. Be7 Be6 69. Bf6 Ke4 70. Bg5 Kf5 71. Bf6 Ke4 72. Bg5 Kf3 73. Bf6 Ke3 74. Bg5 Kf2 75. Bf6 Kf3 76. Bg5 Bf5 77. Bf6 Be6 78. Bg5 Ke4 79. Bf6 Ke3 80. Bg5 Kf3 81. Bf6 1/2-1/2

[Event "GER-ch Net Amateur Gr-C Final"]
[Site "Playchess.com INT"]
[Date "2020.04.18"]
[Round "1"]
[White "Grunwald, Guenther"]
[Black "Braun, Julian"]
[Result "0-1"]
[WhiteElo "1481"]
[BlackElo "1658"]
[PlyCount "100"]
[EventDate "2020.04.18"]
[EventType "swiss (blitz)"]
[EventRounds "13"]
[EventCountry "GER"]
[SourceTitle "CBM 195 Extra"]
[Source "ChessBase"]
[SourceDate "2020.05.31"]
[SourceVersion "1"]
[SourceVersionDate "2020.05.31"]
[SourceQuality "1"]

1. e4 e5 2. Nf3 Nc6 3. Bc4 Bc5 4. c3 Nf6 5. d3 h6 6. b4 Bb6 7. a4 a5 8. b5 Na7 9. Nxe5 0-0 10. 0-0 d6 11. Nf3 c6 12. Nbd2 cxb5 13. Bxb5 Nxb5 14. axb5 Bd7 15. Ba3 Bxb5 16. c4 Bc6 17. e5 Ne8 18. exd6 Nxd6 19. c5 Nb5 20. cxb6 Nxa3 21. Rxa3 Qxb6 22. Qb1 Qc7 23. Nc4 Bxf3 24. gxf3 Rfd8 25. Ne3 Qc6 26. f4 b5 27. Rc1 Qg6+ 28. Ng2 Rdb8 29. Rc5 Qd6 30. Rac3 b4 31. R3c4 b3 32. d4 b2 33. Rc2 Qb6 34. Rc6 Qb4 35. R2c4 Qb3 36. d5 a4 37. d6 a3 38. d7 Qxc4 39. Rxc4 a2 40. Rc8+ Rxc8 41. dxc8Q+ Rxc8 42. Qxa2 Rc1+ 43. Ne1 Rxe1+ 44. Kg2 b1Q 45. Qa8+ Kh7 46. f5 Qe4+ 47. Qxe4 Rxe4 48. Kf3 Ra4 49. h3 g5 50. Kg3 Rf4 0-1

[Event "GER-ch Net Amateur Gr-C Final"]
[Site "Playchess.com INT"]
[Date "2020.04.18"]
[Round "7"]
[White "Helmer, Andreas"]
[Black "Braun, Julian"]
[Result "1-0"]
[WhiteElo "1695"]
[BlackElo "1658"]
[PlyCount "101"]
[EventDate "2020.04.18"]
[EventType "swiss (blitz)"]
[EventRounds "13"]
[EventCountry "GER"]
[SourceTitle "CBM 195 Extra"]
[Source "ChessBase"]
[SourceDate "2020.05.31"]
[SourceVersion "1"]
[SourceVersionDate "2020.05.31"]
[SourceQuality "1"]

1. Nf3 d5 2. d4 Nf6 3. e3 Bf5 4. c4 e6 5. Qb3 b6 6. cxd5 exd5 7. Nc3 Bd6 8. Bd2 0-0 9. Rc1 Nbd7 10. Be2 c5 11. Nxd5 cxd4 12. Nxd4 Nxd5 13. Qxd5 Be5 14. Nxf5 Bxb2 15. Rd1 Qg5 16. Qxd7 Rad8 17. Qb5 Bf6 18. 0-0 g6 19. Ng3 Qxb5 20. Bxb5 Rd5 21. Be2 Rfd8 22. Bb4 Rxd1 23. Rxd1 Rxd1+ 24. Bxd1 Kg7 25. Ne4 Be5 26. Bc3 Bxc3 27. Nxc3 f5 28. Nb5 a5 29. a4 Kf6 30. Kf1 Ke5 31. h4 Kd5 32. Ke2 Kc5 33. f3 h5 34. g4 hxg4 35. fxg4 fxg4 36. Kd3 g3 37. Ke2 Kb4 38. Kf3 Kc4 39. Kxg3 Kd3 40. Kf4 Kd2 41. e4 Kxd1 42. e5 Kc2 43. e6 Kb3 44. e7 Kxa4 45. e8Q Kb4 46. Qxg6 a4 47. Qe4+ Kb3 48. Qb1+ Kc4 49. Na3+ Kc3 50. Qxb6 Kd3 51. Qe3# 1-0

[Event "GER-ch Net Amateur Gr-C Final"]
[Site "Playchess.com INT"]
[Date "2020.04.18"]
[Round "6"]
[White "Kaufmann, Emanuel"]
[Black "Braun, Julian"]
[Result "0-1"]
[WhiteElo "1518"]
[BlackElo "1658"]
[PlyCount "56"]
[EventDate "2020.04.18"]
[EventType "swiss (blitz)"]
[EventRounds "13"]
[EventCountry "GER"]
[SourceTitle "CBM 195 Extra"]
[Source "ChessBase"]
[SourceDate "2020.05.31"]
[SourceVersion "1"]
[SourceVersionDate "2020.05.31"]
[SourceQuality "1"]

1. e4 e5 2. f4 exf4 3. Nf3 Be7 4. Nc3 Bh4+ 5. Ke2 d6 6. d4 Bg4 7. Bxf4 Nc6 8. Kd3 Qf6 9. Nd5 Qd8 10. c3 Nf6 11. Ne3 Qe7 12. e5 dxe5 13. Nxg4 Nxg4 14. Qe2 exf4 15. Qxe7+ Bxe7 16. Ne5 Ncxe5+ 17. dxe5 Nf2+ 18. Ke2 Nxh1 19. g3 fxg3 20. Bg2 gxh2 21. Rxh1 0-0-0 22. Rxh2 h5 23. Be4 g5 24. Bf5+ Kb8 25. Ke3 g4 26. Kf4 f6 27. e6 Bd6+ 28. Ke4 Bxh2 0-1

[Event "GER-ch Net Amateur Gr-C Final"]
[Site "Playchess.com INT"]
[Date "2020.04.18"]
[Round "4"]
[White "Krishnachandran, Srihari"]
[Black "Braun, Julian"]
[Result "0-1"]
[WhiteElo "1748"]
[BlackElo "1658"]
[PlyCount "48"]
[EventDate "2020.04.18"]
[EventType "swiss (blitz)"]
[EventRounds "13"]
[EventCountry "GER"]
[SourceTitle "CBM 195 Extra"]
[Source "ChessBase"]
[SourceDate "2020.05.31"]
[SourceVersion "1"]
[SourceVersionDate "2020.05.31"]
[SourceQuality "1"]

1. Nf3 d5 2. e3 Nf6 3. b3 Bf5 4. Bb2 c5 5. d4 cxd4 6. exd4 Nc6 7. Bb5 e6 8. Nbd2 Rc8 9. 0-0 Bd6 10. Ne5 0-0 11. Be2 Qb6 12. Ndf3 a6 13. c4 dxc4 14. Nxc4 Qc7 15. Nxd6 Qxd6 16. Bd3 Bxd3 17. Qxd3 Rfd8 18. Rad1 Nb4 19. Qd2 Nc6 20. Rfe1 b5 21. g3 Qd5 22. Qe3 Nb4 23. Qc3 Rxc3 24. Bxc3 Nxa2 0-1

[Event "GER-ch Net Amateur Gr-C Vor3"]
[Site "Playchess.com INT"]
[Date "2020.04.16"]
[Round "6"]
[White "Braun, Julian"]
[Black "Birk, Wilfried Christoph"]
[Result "1-0"]
[WhiteElo "1697"]
[BlackElo "1322"]
[PlyCount "39"]
[EventDate "2020.04.16"]
[EventType "swiss (blitz)"]
[EventRounds "9"]
[EventCountry "GER"]
[SourceTitle "CBM 195 Extra"]
[Source "ChessBase"]
[SourceDate "2020.05.31"]
[SourceVersion "1"]
[SourceVersionDate "2020.05.31"]
[SourceQuality "1"]

1. e4 c6 2. d4 d5 3. exd5 cxd5 4. Bd3 Nf6 5. h3 e6 6. Bf4 Bd6 7. Bxd6 Qxd6 8. Nf3 Nbd7 9. 0-0 0-0 10. Re1 Re8 11. Ne5 Nf8 12. Nd2 Ng6 13. Ndf3 b6 14. c3 Bb7 15. Qc2 Nf4 16. Bf1 Ng6 17. Ng5 Rf8 18. Bd3 Nxe5 19. dxe5 Qe7 20. exf6 1-0

[Event "GER-ch Net Amateur Gr-C Vor3"]
[Site "Playchess.com INT"]
[Date "2020.04.16"]
[Round "7"]
[White "Braun, Julian"]
[Black "Bogiatzis, Panagiotis"]
[Result "0-1"]
[WhiteElo "1700"]
[BlackElo "1560"]
[PlyCount "142"]
[EventDate "2020.04.16"]
[EventType "swiss (blitz)"]
[EventRounds "9"]
[EventCountry "GER"]
[SourceTitle "CBM 195 Extra"]
[Source "ChessBase"]
[SourceDate "2020.05.31"]
[SourceVersion "1"]
[SourceVersionDate "2020.05.31"]
[SourceQuality "1"]

1. e4 e5 2. Nf3 Nf6 3. Nxe5 d6 4. Nf3 Nxe4 5. d4 d5 6. Bd3 Bd6 7. c4 Nf6 8. c5 Be7 9. 0-0 0-0 10. Ne5 Nbd7 11. f4 Nxe5 12. fxe5 Ne4 13. Nc3 Nxc3 14. bxc3 b6 15. cxb6 cxb6 16. Qc2 h6 17. Be3 Bg5 18. Bxg5 Qxg5 19. Qc1 Qxc1 20. Raxc1 Bg4 21. Rce1 Rac8 22. h3 Rxc3 23. hxg4 Rxd3 24. Rf4 Rd2 25. Rf2 Rxd4 26. e6 fxe6 27. Rxf8+ Kxf8 28. Rxe6 Rxg4 29. Rd6 Rd4 30. Rd7 a5 31. Rb7 Rb4 32. Rd7 d4 33. Kf1 a4 34. a3 Rb3 35. Rxd4 Rxa3 36. Rb4 b5 37. Rxb5 Rb3 38. Ra5 a3 39. Ke1 Rb2 40. Rxa3 Rxg2 41. Rf3+ Kg8 42. Kf1 Rg4 43. Kf2 Kh7 44. Ke3 h5 45. Rh3 Kh6 46. Kf3 g6 47. Ke3 Kg5 48. Kf3 h4 49. Rh1 Rg3+ 50. Kf2 Kg4 51. Rd1 h3 52. Rh1 Kh4 53. Kf1 g5 54. Kf2 g4 55. Kf1 Rg2 56. Ke1 g3 57. Kf1 Kg4 58. Ke1 h2 59. Kf1 Kh3 60. Ke1 Rg1+ 61. Rxg1 hxg1Q+ 62. Ke2 Qg2+ 63. Ke3 Qf1 64. Kd4 g2 65. Ke3 g1Q+ 66. Ke4 Qgf2 67. Kd5 Q1e1 68. Kc4 Qd1 69. Kc3 Qfc2+ 70. Kb4 Qdb1+ 71. Ka3 Qca2# 0-1

[Event "GER-ch Net Amateur Gr-C Vor2"]
[Site "Playchess.com INT"]
[Date "2020.04.15"]
[Round "8"]
[White "Braun, Julian"]
[Black "Koholka, Jan"]
[Result "1-0"]
[WhiteElo "1691"]
[BlackElo "1793"]
[PlyCount "99"]
[EventDate "2020.04.15"]
[EventType "swiss (blitz)"]
[EventRounds "9"]
[EventCountry "GER"]
[SourceTitle "CBM 196 Extra"]
[Source "ChessBase"]
[SourceDate "2020.07.31"]
[SourceVersion "1"]
[SourceVersionDate "2020.07.31"]
[SourceQuality "1"]

1. e4 e5 2. Nf3 Nc6 3. Bc4 Nf6 4. d4 exd4 5. 0-0 d6 6. h3 Be7 7. Re1 0-0 8. Nxd4 Re8 9. c3 Bf8 10. Qb3 Qe7 11. Nd2 Na5 12. Qa4 Nxc4 13. Qxc4 Be6 14. Nxe6 fxe6 15. e5 Nd5 16. exd6 cxd6 17. Nf3 Rac8 18. Qb3 g6 19. Nd4 Qf7 20. Bg5 Bg7 21. Re2 e5 22. Nf3 Nf6 23. Qxf7+ Kxf7 24. Rd1 Rc6 25. Red2 Rd8 26. Nxe5+ dxe5 27. Rxd8 Rb6 28. b4 Rc6 29. Bxf6 Kxf6 30. R1d6+ Rxd6 31. Rxd6+ Ke7 32. Rd5 e4 33. c4 Ke6 34. Kf1 a6 35. a4 Bh6 36. Ke2 Bf4 37. g3 Bh6 38. f3 exf3+ 39. Kxf3 Bd2 40. b5 axb5 41. axb5 b6 42. Rxd2 Ke5 43. Rd5+ Ke6 44. Ke4 h6 45. g4 Kf6 46. h4 Ke6 47. Kf4 Ke7 48. Ke5 h5 49. gxh5 gxh5 50. Kf5 1-0

[Event "GER-ch Net Amateur Gr-C Vor1"]
[Site "Playchess.com INT"]
[Date "2020.04.14"]
[Round "2"]
[White "Braun, Julian"]
[Black "Fock, Madiha"]
[Result "1/2-1/2"]
[WhiteElo "1550"]
[BlackElo "1620"]
[PlyCount "137"]
[EventDate "2020.04.14"]
[EventType "swiss (blitz)"]
[EventRounds "9"]
[EventCountry "GER"]
[SourceTitle "CBM 196 Extra"]
[Source "ChessBase"]
[SourceDate "2020.07.31"]
[SourceVersion "1"]
[SourceVersionDate "2020.07.31"]
[SourceQuality "1"]

1. e4 d5 2. exd5 Qxd5 3. Nc3 Qd6 4. d4 c6 5. Nf3 Bg4 6. h3 Bh5 7. g4 Bg6 8. Be3 e6 9. Qd2 Qc7 10. 0-0-0 Nd7 11. h4 h6 12. h5 Bh7 13. Bf4 Bd6 14. Bxd6 Qxd6 15. Bd3 Bxd3 16. Qxd3 Qf4+ 17. Kb1 Qxg4 18. Rdg1 Qf4 19. Rxg7 0-0-0 20. Rgg1 Ngf6 21. Qe3 Qxe3 22. fxe3 Nd5 23. Ne4 Kc7 24. Rg7 Rdf8 25. Re1 N7f6 26. Nxf6 Nxf6 27. Ne5 Nxh5 28. Rxf7+ Rxf7 29. Nxf7 Rh7 30. Ne5 Nf6 31. Kc1 h5 32. Rf1 Nd5 33. Kd2 h4 34. c4 Nb4 35. a3 Na6 36. Ke2 h3 37. Rh1 Kd6 38. Kf3 c5 39. Kg3 Nc7 40. Rxh3 Rxh3+ 41. Kxh3 b5 42. Kg3 bxc4 43. Nxc4+ Kd5 44. Ne5 cxd4 45. exd4 Kxd4 46. Nc6+ Kd3 47. b4 e5 48. Nxe5+ Kc3 49. Nc6 a6 50. a4 Kc4 51. Kf4 Nd5+ 52. Ke5 Nxb4 53. Na5+ Kc5 54. Nb3+ Kb6 55. Kd6 a5 56. Nc5 Na6 57. Nxa6 Kxa6 58. Kc6 Ka7 59. Kb5 Kb7 60. Kxa5 Ka7 61. Kb5 Ka8 62. Kb6 Kb8 63. a5 Ka8 64. a6 Kb8 65. Kc6 Ka7 66. Kb5 Ka8 67. Kb6 Kb8 68. a7+ Ka8 69. Ka6 1/2-1/2

[Event "GER-ch Net Amateur Gr-C Vor1"]
[Site "Playchess.com INT"]
[Date "2020.04.14"]
[Round "3"]
[White "Braun, Julian"]
[Black "Vaghef, Mohammad Reza"]
[Result "1/2-1/2"]
[WhiteElo "1561"]
[BlackElo "1395"]
[PlyCount "116"]
[EventDate "2020.04.14"]
[EventType "swiss (blitz)"]
[EventRounds "9"]
[EventCountry "GER"]
[SourceTitle "CBM 196 Extra"]
[Source "ChessBase"]
[SourceDate "2020.07.31"]
[SourceVersion "1"]
[SourceVersionDate "2020.07.31"]
[SourceQuality "1"]

1. e4 d5 2. exd5 Nf6 3. d4 Bg4 4. Be2 Bxe2 5. Nxe2 Qxd5 6. 0-0 Nc6 7. Nbc3 Qd7 8. d5 Nb4 9. Bf4 0-0-0 10. a4 Nbxd5 11. Nxd5 Qxd5 12. Qxd5 Nxd5 13. Bg3 e6 14. a5 Bd6 15. Bxd6 Rxd6 16. Nd4 a6 17. c3 c5 18. Ne2 Rhd8 19. Rfd1 Nf6 20. Rxd6 Rxd6 21. Kf1 Ne4 22. Ke1 f5 23. f3 Nf6 24. Rd1 Rxd1+ 25. Kxd1 Kc7 26. Nf4 Kd6 27. Kd2 e5 28. Nd3 e4 29. fxe4 Nxe4+ 30. Ke3 Kc6 31. c4 Nd6 32. Ne5+ Kc7 33. Kf4 g6 34. b3 Ne4 35. Nd3 Kc6 36. Ke3 b6 37. Ne5+ Kc7 38. axb6+ Kxb6 39. Nd7+ Ka5 40. Nf8 Nf6 41. Kd3 Kb4 42. Kc2 g5 43. g3 f4 44. gxf4 gxf4 45. Ne6 f3 46. Kd2 Kxb3 47. Nxc5+ Kxc4 48. Nxa6 Ng4 49. h3 Ne5 50. Ke3 Kc3 51. Kf2 Kd3 52. Nc5+ Kd4 53. Ne6+ Ke4 54. Ng5+ Kf4 55. Nxh7 Nd3+ 56. Kf1 Kg3 57. Ng5 Nf4 58. Nxf3 Kxh3 1/2-1/2

[Event "GER-ch Net Amateur Gr-C Vor1"]
[Site "Playchess.com INT"]
[Date "2020.04.14"]
[Round "4"]
[White "Pichl, Christoph"]
[Black "Braun, Julian"]
[Result "1/2-1/2"]
[WhiteElo "1620"]
[BlackElo "1538"]
[PlyCount "97"]
[EventDate "2020.04.14"]
[EventType "swiss (blitz)"]
[EventRounds "9"]
[EventCountry "GER"]
[SourceTitle "CBM 196 Extra"]
[Source "ChessBase"]
[SourceDate "2020.07.31"]
[SourceVersion "1"]
[SourceVersionDate "2020.07.31"]
[SourceQuality "1"]

1. e4 e5 2. Nf3 Nc6 3. d4 exd4 4. Nxd4 Nf6 5. Nxc6 bxc6 6. e5 Qe7 7. Qe2 Nd5 8. c4 Ba6 9. g3 g6 10. b3 Bg7 11. Bb2 0-0 12. Bg2 Rfe8 13. 0-0 Bxe5 14. Bxe5 Qxe5 15. Qxe5 Rxe5 16. cxd5 Bxf1 17. Kxf1 cxd5 18. Nc3 c6 19. Rd1 f5 20. a3 a5 21. Na4 d6 22. Nb6 Rae8 23. Nd7 R5e7 24. Nf6+ Kf7 25. Nxe8 Rxe8 26. Re1 Rxe1+ 27. Kxe1 Ke6 28. Kd2 Ke5 29. Kd3 c5 30. f4+ Ke6 31. Bf3 h6 32. h3 g5 33. fxg5 hxg5 34. Ke3 Ke5 35. Kd3 d4 36. Kc4 g4 37. hxg4 fxg4 38. Bxg4 Ke4 39. b4 axb4 40. axb4 cxb4 41. Kxb4 d5 42. Kb3 Ke3 43. Bf5 d3 44. Bxd3 Kxd3 45. g4 Ke4 46. Kc3 d4+ 47. Kd2 Kf4 48. Kd3 Kxg4 49. Kxd4 1/2-1/2

[Event "GER-ch Net Amateur Gr-C Vor1"]
[Site "Playchess.com INT"]
[Date "2020.04.14"]
[Round "7"]
[White "Schroeder, Jan Hendrik"]
[Black "Braun, Julian"]
[Result "0-1"]
[WhiteElo "1655"]
[BlackElo "1635"]
[PlyCount "86"]
[EventDate "2020.04.14"]
[EventType "swiss (blitz)"]
[EventRounds "9"]
[EventCountry "GER"]
[SourceTitle "CBM 196 Extra"]
[Source "ChessBase"]
[SourceDate "2020.07.31"]
[SourceVersion "1"]
[SourceVersionDate "2020.07.31"]
[SourceQuality "1"]

1. e4 e5 2. d4 exd4 3. Nf3 Nc6 4. Bc4 Nf6 5. e5 d5 6. Bb3 Ne4 7. 0-0 Bc5 8. c3 dxc3 9. Nxc3 Nxc3 10. bxc3 0-0 11. Qxd5 Qxd5 12. Bxd5 Ne7 13. Bb3 Bf5 14. Bf4 Rfd8 15. Rad1 Bg4 16. Rxd8+ Rxd8 17. Nd4 Bxd4 18. cxd4 Rxd4 19. Bg3 Nf5 20. Rc1 Nxg3 21. hxg3 c6 22. f3 Bf5 23. g4 Be6 24. Kh2 Bxb3 25. axb3 g5 26. Ra1 a6 27. Ra5 Kf8 28. Kg3 Rd5 29. Rxd5 cxd5 30. f4 h6 31. fxg5 hxg5 32. Kf3 Ke7 33. Ke3 Ke6 34. Kd4 a5 35. g3 b6 36. Ke3 Kxe5 37. Kd3 b5 38. Ke3 d4+ 39. Kd3 b4 40. Kc4 Ke4 41. Kb5 d3 42. Kxa5 d2 43. Kxb4 d1Q 0-1

[Event "GER-ch Net blitz qual2"]
[Site "Playchess.com INT"]
[Date "2020.03.16"]
[Round "1"]
[White "Braun, Julian"]
[Black "Prill, Daniel"]
[Result "0-1"]
[WhiteElo "1620"]
[BlackElo "2214"]
[PlyCount "74"]
[EventDate "2020.03.16"]
[EventType "swiss (blitz)"]
[EventRounds "9"]
[EventCountry "GER"]
[SourceTitle "CBM 195 Extra"]
[Source "ChessBase"]
[SourceDate "2020.05.31"]
[SourceVersion "1"]
[SourceVersionDate "2020.05.31"]
[SourceQuality "1"]

1. e4 c6 2. d4 d5 3. e5 Bf5 4. Bd3 Bg6 5. Nf3 e6 6. c3 Nd7 7. 0-0 Ne7 8. Re1 c5 9. Bb5 Nc6 10. Be3 Qb6 11. Bxc6 bxc6 12. Qc1 Be7 13. Nbd2 Rb8 14. Nb3 c4 15. Nc5 Nxc5 16. dxc5 Qxb2 17. Qxb2 Rxb2 18. a4 Kd7 19. a5 Rhb8 20. a6 R8b3 21. Rec1 Rb5 22. Nd4 Rxc5 23. Nxe6 fxe6 24. Bxc5 Bxc5 25. Rab1 Rxb1 26. Rxb1 Bxb1 27. Kf1 Bd3+ 28. Ke1 Kc7 29. f4 Kb6 30. g4 Kxa6 31. h4 Kb5 32. Kd2 a5 33. g5 a4 34. h5 a3 35. Kc1 Be3+ 36. Kd1 a2 37. g6 a1Q# 0-1

[Event "GER-ch U10"]
[Site "Willingen"]
[Date "2001.06.06"]
[Round "6"]
[White "Braun, Julian"]
[Black "Perlick, Maria"]
[Result "0-1"]
[WhiteElo "1056"]
[BlackElo "1158"]
[PlyCount "62"]
[EventDate "2001.06.03"]
[EventType "swiss"]
[EventRounds "11"]
[EventCountry "GER"]
[SourceTitle "EXT 2003"]
[Source "ChessBase"]
[SourceDate "2002.11.25"]
[SourceVersion "1"]
[SourceVersionDate "2002.11.25"]
[SourceQuality "1"]

1. d4 e6 2. c4 d5 3. Nc3 Nf6 4. Bg5 Be7 5. Nf3 c6 6. e3 0-0 7. Be2 Nbd7 8. Qc2 Qc7 9. 0-0-0 b6 10. e4 h6 11. Bxf6 Qf4+ 12. Qd2 Qxd2+ 13. Rxd2 Nxf6 14. exd5 exd5 15. Re1 Bf5 16. cxd5 cxd5 17. Ba6 Bb4 18. a3 Bd6 19. Bb7 Rad8 20. Nxd5 Nxd5 21. Bxd5 Bf4 22. Be4 Bxd2+ 23. Kxd2 Bxe4 24. Rxe4 Rd6 25. Re7 a6 26. Ra7 b5 27. Re7 Rc8 28. Kd3 Rc4 29. b3 Rc1 30. Re8+ Kh7 31. Ne5 Rd1+ 0-1

[Event "GER-ch U10"]
[Site "Willingen"]
[Date "2001.06.06"]
[Round "7"]
[White "Dzodziev, Mark"]
[Black "Braun, Julian"]
[Result "1/2-1/2"]
[WhiteElo "1186"]
[BlackElo "1056"]
[PlyCount "40"]
[EventDate "2001.06.03"]
[EventType "swiss"]
[EventRounds "11"]
[EventCountry "GER"]
[SourceTitle "EXT 2003"]
[Source "ChessBase"]
[SourceDate "2002.11.25"]
[SourceVersion "1"]
[SourceVersionDate "2002.11.25"]
[SourceQuality "1"]

1. c4 e5 2. Nc3 Nf6 3. d3 Be7 4. a3 0-0 5. Nf3 d6 6. b4 Bg4 7. e4 Nc6 8. h3 Bh5 9. Be2 Nd4 10. 0-0 Nxe2+ 11. Qxe2 h6 12. Bb2 c6 13. Na4 Nd7 14. d4 exd4 15. Bxd4 Bf6 16. Bxf6 Nxf6 17. Rad1 Re8 18. Nc3 Qc7 19. Qe3 Bxf3 20. Qxf3 Re5 1/2-1/2